01579nam a2200181 a 450000100100000000500170001000800410002704000250006808200190009324501040011226000640021630000260028050000740030650509140038065000630129465000120135770000280136900000611920260120101213.0090826s1998 dr 001 0 spa d aDO-SdBNPbspacBNPHU a370.115bT266v00aVivamos la democracia :bselección de lecturas /cselección y sistematización Darío Tejeda. aSanto Domingo :bCentral de Servicios Pedagógicos,c1998. aiii, 166 p. ;c22 cm. aIncluye referencias bibliográficas y notas al pie de las páginas.0 gI: La democracia :tDefiniciones de democracia --tLa limitación de lo político --tLa libertad del sujeto --tLa democracia como forma de vida y como filosofía política --tConcepto de democracia, notas características: participación, pluralismo, libertad, respecto mutuo y justicia --gII: Educación para la democracia:tLa educación moral como necesidad pedagógica --tFinalidades y estrategias para la democracia: educación participativa, educación crítica, educación para la paz y educación moral --gIII: Educación en democracia:tAdquisición de pericia en las decisiones --tEl papel del maestro en las decisiones --tLibertad para hacer preguntas --tIV: Educación democrática:tEl papel estratégico de la educación --tEl proceso de grupo y la educación --tUna educación experimental para desarrollar la democracia en las instituciones educativas.gAnexo. 4aDemocraciaxAspectos socialesxEnsayos, conferencias, etc. 0aCivismo1 aRejeda, Darío,ecomp.